000
00342pab a2200145 454500
008
180718b1984 xxu||||| |||| 00| 0 eng d
100
_a
De Cuellar, Perez
245
_a
We stand committed to family planning
260
_c
1984
300
_a
15-16
362
_a
Dec.
650
_a
Birth Control
773
_a
Eastern Economist
909
_a
4463
999
_c
4463
_d
4463